| 000 -LEADER |
| fixed length control field |
00519pam a2200145 a 4500 |
| 020 ## - INTERNATIONAL STANDARD BOOK NUMBER |
| ISBN |
0875184642 |
| 040 ## - CATALOGING SOURCE |
| Transcribing agency |
DLC |
| 082 00 - DEWEY DECIMAL CLASSIFICATION NUMBER |
| Classification number |
943 DIL 1991 A102 Or. |
| 100 1# - MAIN ENTRY--AUTHOR NAME |
| Personal name |
Pfeiffer, Christine. |
| 245 10 - TITLE STATEMENT |
| Title |
Poland, land of freedom fighters / |
| 260 ## - PUBLICATION, DISTRIBUTION, ETC. (IMPRINT) |
| Place of publication |
Minneapolis, Minn. : |
| Name of publisher |
Dillon Press, |
| Year of publication |
c1991. |
| 300 ## - PHYSICAL DESCRIPTION |
| Number of Pages |
143 p. : |
| Other physical details |
ill. (some col.), maps (some col.) ; |
| Dimensions |
24 cm. |
| 520 ## - SUMMARY, ETC. |
| Summary, etc |
Discusses the people, traditions, folkways, holidays, family life, food, schools, sports, recreation, and history of Poland. |
| 942 ## - ADDED ENTRY ELEMENTS (KOHA) |
| Koha item type |
សៀវភៅភាសាអង់គ្លេស |
| 952 ## - LOCATION AND ITEM INFORMATION (KOHA) |
| Withdrawn status [LOCAL, KOHA] |
0 |